20 năm Olympic cơ học toàn quốc 1989 - 2008 : Cơ học kết cấu đề thi đáp án (1991 - 2008): Đề thi - Đáp án - Thang điểm
Nội dung sách bao gồm: Chương trình Cơ học kết cấu áp dụng trong các kỳ thi Olympic Cơ học toàn quốc; Các đề thi Cơ học kết cấu đã được sử dụng làm đề chính thức từ năm 1991 đến năm 2008; Các đáp án và thang điểm tương ứng với các đề...
Gorde:
| Egile nagusia: | |
|---|---|
| Formatua: | Liburua |
| Hizkuntza: | Undetermined |
| Argitaratua: |
Hà Nội
Khoa học và Kỹ thuật
2008
|
| Gaiak: | |
| Etiketak: |
Etiketa erantsi
Etiketarik gabe, Izan zaitez lehena erregistro honi etiketa jartzen!
|
| Thư viện lưu trữ: | Trung tâm Học liệu Trường Đại học Cần Thơ |
|---|
| LEADER | 01165nam a2200217Ia 4500 | ||
|---|---|---|---|
| 001 | CTU_142071 | ||
| 008 | 210402s9999 xx 000 0 und d | ||
| 020 | |c 28000 | ||
| 082 | |a 531.076 | ||
| 082 | |b Tr312 | ||
| 100 | |a Lều, Thọ Trình | ||
| 245 | 0 | |a 20 năm Olympic cơ học toàn quốc 1989 - 2008 : | |
| 245 | 0 | |b Cơ học kết cấu đề thi đáp án (1991 - 2008): Đề thi - Đáp án - Thang điểm | |
| 245 | 0 | |c Biên soạn: Lều Thọ Trình, Nguyễn Mạnh Yên | |
| 260 | |a Hà Nội | ||
| 260 | |b Khoa học và Kỹ thuật | ||
| 260 | |c 2008 | ||
| 520 | |a Nội dung sách bao gồm: Chương trình Cơ học kết cấu áp dụng trong các kỳ thi Olympic Cơ học toàn quốc; Các đề thi Cơ học kết cấu đã được sử dụng làm đề chính thức từ năm 1991 đến năm 2008; Các đáp án và thang điểm tương ứng với các đề thi chính thức từ năm 1991 đến năm 2008. | ||
| 650 | |a Mechanics | ||
| 904 | |i Giang | ||
| 980 | |a Trung tâm Học liệu Trường Đại học Cần Thơ | ||